Tribhuvan University Central Library

सकारात्मक यात्रा : (Record no. 102281)

MARC details
000 -LEADER
fixed length control field 00659nam a22001937a 4500
008 - FIXED-LENGTH DATA ELEMENTS--GENERAL INFORMATION
fixed length control field 211031b |||||||| |||| 00| 0 eng d
020 ## - INTERNATIONAL STANDARD BOOK NUMBER
International Standard Book Number 9789937066082
041 ## - LANGUAGE CODE
Language code of text/sound track or separate title Nep.
082 ## - DEWEY DECIMAL CLASSIFICATION NUMBER
Classification number N895.51408
Item number P338s
Edition number 23rd.
100 1# - MAIN ENTRY--PERSONAL NAME
Personal name पाण्डे, रमेश
241 ## - ROMANIZED TITLE (BK AM CF MP MU VM)
Romanized title Sakaratmak yatra (sochaharuko sankalan) /Pande, Ramesh
245 ## - TITLE STATEMENT
Title सकारात्मक यात्रा :
Remainder of title सोचहरुको संकलन /
Statement of responsibility, etc. रमेश पाण्डे.
260 ## - PUBLICATION, DISTRIBUTION, ETC.
Place of publication, distribution, etc. [s.l]:
Name of publisher, distributor, etc. [s.n]
Date of publication, distribution, etc. 2076BS.
300 ## - PHYSICAL DESCRIPTION
Extent 272p.
650 ## - SUBJECT ADDED ENTRY--TOPICAL TERM
Topical term or geographic name entry element Nepali literature
650 ## - SUBJECT ADDED ENTRY--TOPICAL TERM
Topical term or geographic name entry element Nepali essay
650 ## - SUBJECT ADDED ENTRY--TOPICAL TERM
Topical term or geographic name entry element Literary collection
9 (RLIN) 15654
942 ## - ADDED ENTRY ELEMENTS (KOHA)
Source of classification or shelving scheme Dewey Decimal Classification
Koha item type General Collections
Holdings
Withdrawn status Lost status Source of classification or shelving scheme Damaged status Not for loan Home library Current library Date acquired Total Checkouts Full call number Barcode Date last seen Date last checked out Price effective from Koha item type Shelving location Date due
    Dewey Decimal Classification     Tribhuvan University Central Library Tribhuvan University Central Library 10/31/2021 3 N895.51408/P338p G83006 08/24/2025 08/03/2025 10/31/2021 General Collections    
    Dewey Decimal Classification     Tribhuvan University Central Library Tribhuvan University Central Library 10/31/2021   N895.51408/P338p G83007 10/31/2021   10/31/2021 General Collections New Building  
    Dewey Decimal Classification     Tribhuvan University Central Library Tribhuvan University Central Library 10/31/2021   N895.51408/P338p G83008 10/31/2021   10/31/2021 General Collections New Building  
    Dewey Decimal Classification     Tribhuvan University Central Library Tribhuvan University Central Library 10/31/2021 3 N895.51408/P338p G83009 04/11/2023 04/11/2023 10/31/2021 General Collections   05/05/2023
    Dewey Decimal Classification     Tribhuvan University Central Library Tribhuvan University Central Library 03/09/2022 1 N895.51408/P338p 163143 09/20/2022 09/05/2022 03/09/2022 General Collections New Building  
    Dewey Decimal Classification     Tribhuvan University Central Library Tribhuvan University Central Library 03/09/2022 2 N895.51408/P338p 163144 07/03/2025 06/27/2025 03/09/2022 General Collections New Building  
    Dewey Decimal Classification     Tribhuvan University Central Library Tribhuvan University Central Library 04/21/2025   N895.51408 P338p IS17365 04/21/2025   04/21/2025 ISBN